Democratic reform in Africa: the quality of progress (Record no. 479)

MARC details
000 -LEADER
fixed length control field 00499nam a2200169Ia 4500
008 - FIXED-LENGTH DATA ELEMENTS--GENERAL INFORMATION
fixed length control field 240428s9999||||xx |||||||||||||| ||und||
020 ## - INTERNATIONAL STANDARD BOOK NUMBER
International Standard Book Number 9781588262462
041 ## - LANGUAGE CODE
Language code of text/sound track or separate title eng
082 ## - DEWEY DECIMAL CLASSIFICATION NUMBER
Classification number 321.8D
100 ## - MAIN ENTRY--PERSONAL NAME
Personal name Gyimah-Boadi, E. (ed.)
245 #0 - TITLE STATEMENT
Title Democratic reform in Africa: the quality of progress
260 ## - PUBLICATION, DISTRIBUTION, ETC.
Name of publisher, distributor, etc. Lynne Rienner Publishers
Place of publication, distribution, etc. Colorado:
Date of publication, distribution, etc. 2004
300 ## - PHYSICAL DESCRIPTION
Extent vii, 351p, tabs,
650 ## - SUBJECT ADDED ENTRY--TOPICAL TERM
Topical term or geographic name entry element Democracy - Democratization - Political systems - Economic history
942 ## - ADDED ENTRY ELEMENTS (KOHA)
Koha item type Books
Holdings
Withdrawn status Lost status Damaged status Not for loan Home library Current library Shelving location Date acquired Total checkouts Full call number Date last seen Copy number Price effective from Koha item type
        Main Library Main Library Open Shelves 11/01/2022   321.8D 0818 C1 29/04/2024 1 29/04/2024 Books
©2026  Parliament of Ghana Library - All rights reserved